000 00427nam a2200145Ia 4500
008 240729s9999 xx 000 0 und d
022 _a2224-7750
245 0 _aBangabandhu Sheikh Mujib Medical University Journal
260 _aBangladesh
260 _bBangabandhu Sheikh Mujib Medical University
650 _aMedicine
856 _uhttps://doaj.org/toc/4ba8c1b17aae4b87a755490b2da337a2
942 _2ddc
942 _cDOAJEJ
999 _c65794
_d65794
945 _a1
_bMadushi Gamage
_c1
_dMadushi Gamage